000 00492nam a2200181Ia 4500
001 8629
005 20260306160623.0
008 260306t2019||||xx |||||||||||||| ||spa||
041 _aESP
082 _a371.2
_bU88
100 _aUruñuela Nájera, Pedro María
_eAUT
245 0 _aLa gestión del aula:
_btodo lo que me hubiera gustado saber cuando empecé a dar clase
260 _c2019
300 _a333 páginas :
_c24 cm.
650 _aGEN
654 _aCED
942 _cLIB
_dJUS
_fJUS
_2ddc
_n
999 _c8629
_d8629